00572nam a2200205Ia 450000500170000000800410001702000220005804000190008004100120009908200170011110000130012824500250014125000870016626000340025330000090028763000180029665000180031465100230033285000110035520240103092644.0131103s9999 xx 000 0 und d a8189040049cRs 75 aLoreto College aEnglish a891.456bDAS aDas, J P aStories, cJ P Das  aTranslated from the Oriya by Paul St-Pierre, Leelawati Mohapatra and K K Mohapatra aBhubaneswarbGrassrootsc2003 a71p  aOriya Fiction aOriya Stories aFiction in English aLCLIB